Library Banner

Tadjik soviet socialist republic (Record no. 82279)

MARC details
000 -LEADER
fixed length control field 00320nam a22001337a 4500
005 - DATE AND TIME OF LATEST TRANSACTION
control field 20160126120446.0
008 - FIXED-LENGTH DATA ELEMENTS--GENERAL INFORMATION
fixed length control field 160126b xxu||||| |||| 00| 0 eng d
040 ## - CATALOGING SOURCE
Transcribing agency PK-LaUMT
082 ## - DEWEY DECIMAL CLASSIFICATION NUMBER
Classification number AMC 958.6
Item number TAD-
245 ## - TITLE STATEMENT
Title Tadjik soviet socialist republic
260 ## - PUBLICATION, DISTRIBUTION, ETC. (IMPRINT)
Place of publication, distribution, etc Moscow
Name of publisher, distributor, etc Novosti
Date of publication, distribution, etc 1972
300 ## - PHYSICAL DESCRIPTION
Extent [ ]
942 ## - ADDED ENTRY ELEMENTS (KOHA)
Koha item type Books
Holdings
Withdrawn status Lost status Damaged status Home library Current library Date acquired Full call number Barcode Date last seen Price effective from Koha item type
      UMT Main Campus UMT Main Campus 2016-01-26 AMC 958.6 TAD- 86040 2016-01-26 2016-01-26 Books